Set theory, arithmetic, and foundations of mathematics (Record no. 75230)
[ view plain ]
| 000 -LEADER | |
|---|---|
| fixed length control field | 00621 a2200169 4500 |
| 005 - DATE AND TIME OF LATEST TRANSACTION | |
| control field | 20240830141156.0 |
| 008 - FIXED-LENGTH DATA ELEMENTS--GENERAL INFORMATION | |
| fixed length control field | 121006t xxu||||| |||| 00| 0 eng d |
| 020 ## - INTERNATIONAL STANDARD BOOK NUMBER | |
| International Standard Book Number | 9780511910616 |
| 100 ## - MAIN ENTRY--PERSONAL NAME | |
| Personal name | Kennedy, Juliette; ed. |
| Role | ed.by |
| 245 ## - TITLE STATEMENT | |
| Title | Set theory, arithmetic, and foundations of mathematics |
| Remainder of title | theorems, philosophies |
| Statement of responsibility, etc | ed.by Juliette Kennedy and Roman Kossak |
| 260 ## - PUBLICATION, DISTRIBUTION, ETC. (IMPRINT) | |
| Name of publisher, distributor, etc | Cambridge University Press |
| Date of publication, distribution, etc | 2011 |
| Place of publication, distribution, etc | Cambridge |
| 653 ## - INDEX TERM--UNCONTROLLED | |
| Uncontrolled term | Mathematics -Logic |
| 653 ## - INDEX TERM--UNCONTROLLED | |
| Uncontrolled term | Logic, categories and sets |
| 700 ## - ADDED ENTRY--PERSONAL NAME | |
| Personal name | Kossak, Roman; ed.by |
| 856 ## - ELECTRONIC LOCATION AND ACCESS | |
| Uniform Resource Identifier | https://www.cambridge.org/core/search?q=9780511910616 |
| 942 ## - ADDED ENTRY ELEMENTS (KOHA) | |
| item type | E-books |
| Lost status | Source of classification or shelving scheme | Not for loan | Home library | Current library | Date acquired | Cost, normal purchase price | Total Checkouts | Barcode | Date last seen | Cost, replacement price | Price effective from | Koha item type |
|---|---|---|---|---|---|---|---|---|---|---|---|---|
| Universal Decimal Classification | University Library | University Library | 16/06/2012 | 0.00 | EB000048 | 16/06/2012 | 0.00 | 16/06/2012 | E-books |
